000 00824nam a22002774a 4500
001 UByD003725
003 AR-LpoUNG
005 20260109122232.0
008 250219s2011 mx a c 000 1 spa d
020 _a9786071600646
040 _aAR-LpoUNG
_bspa
_cAR-LpoUNG
_eaacr
041 0 _aspa
082 0 _a808.068 3 563emi
100 1 _aLeñero, Carmen
245 1 0 _aEmilio y el viaje sin tesoro
250 _a1ra. ed.
260 _aMéxico, D.F. :
_bFondo de Cultura Económica,
_c2011.
300 _a130 p. :
_bil
505 0 _a Sugerido a partir de 12 años (etiqueta FUCSIA).
650 4 _aLiteratura
650 4 _aNarrativa
653 0 _aLiteratura infantojuvenil
700 1 _aLópez Domínguez, Xan
_eil.
942 _2ddc
_cLIB
999 _c66415
_d66415